| 000 | 00798nam a22001937a 4500 | ||
|---|---|---|---|
| 999 |
_c60590 _d60590 |
||
| 005 | 20230913144036.0 | ||
| 008 | 230913s1995 gw ||||| |||| 00| 0 ger d | ||
| 020 | _a3806211922 | ||
| 041 | _ager | ||
| 080 | _a904(479.22):902.2(479.22) U-50 | ||
| 245 |
_aUnterwegs zum Goldenen Vlies: _bArchäologische Funde aus Georgien / _cHerausgeber Andrei Miron, Winfried Orthmann. |
||
| 264 |
_aSaarbruchen, _c1955. |
||
| 300 |
_a343 p.: _bill.; _c28 cm. |
||
| 653 | _aოქროს საწმისის გზაზე | ||
| 653 | _aარქეოლოგიური აღმოჩენები საქართველოდან | ||
| 700 |
_a Miron, Andrei _eრედაქტორი _919813 |
||
| 700 |
_a Orthmann, Winfried _eრედაქტორი _919814 |
||
| 942 |
_2udc _cBK |
||